000 01558nam0a2200349 i 4500
001 RU\NLR\BIBL_A\011120329
005 20241103111645.0
021 _aRU
_b2016-31674
_92037
035 _a(NILC)RuMoRGB-008460665
035 _a(NLR Aleph) 011120329
090 _a11517410
_c11517410
100 _a20160510d2016 km y0rusy50 ca
101 0 _arus
_deng
102 _aRU
105 _ay|||z|||000yy
200 1 _aВосстановление сечений молекулярного поглощения излучения из базы данных HITRAN
_fМ. Н. Герцев
210 _aМосква
_cИПМ
_d2016
215 _a19 с.
_d21
225 1 _aПрепринт
_fИн-т прикл. математики им. М. В. Келдыша Российской акад. наук
_x2071-2898
_v№ 19 за 2016 г.
225 1 _aПрепринты ИПМ им. М. В. Келдыша
_dKeldysh institute preprints
_fгл. ред. Б.Н. Четверушкин, акад.
_zeng
300 _aРез. на англ. яз.
320 _aБиблиогр.: с. 13 (12 назв.)
606 _aАтмосферное излучение
_xПеренос
_xРасчет
_xПрименение базы данных HITRAN
_92330775
_3RU\NLR\AUTH\6601618015
675 _a551.5
686 1 _aД234.12в641.8
700 1 _aГерцев
_bМ. Н.
_gМихаил Николаевич
801 0 _aRU
_bРГБ
_c20160418
_gRCR
801 1 _aRU
_bРГБ
_c20160418
_2rusmarc
942 _cBOOK
980 _aNBR